000 00913nam a2200265Ia 4500
003 OSt
005 20220923211207.0
006 a|||||r|||| 00| 0
007 ta
008 220922b |||||||| |||| 00| 0 pan d
020 _a9387629562 (hbk)
_c150
024 _a349,380
037 _b1041, 02/02/2019, H.K. Prakashan
_cTextual
040 _aARTS
_cARTS
_bpan
041 _2pan
_apan
082 _aO153,3NMA10x, Q8
100 _aਮਾਨ, ਜਸਬੀਰ, ਂਚ.
_9159396
245 0 _aਸਾਜਨ ਕੀ ਬੇਟੀਆਂ
260 _aਲੁਧਿਆਨਾ
_b ਚੇਤਨਾ ਪ੍ਰਕਾFਨ
_c2018
300 _a109ਪ੍ਰ0
_ccm.
650 _a ਪੰਜਾਬੀ ਕਹਾਣੀ
650 _aਪੰਜਾਬੀ ਸਾਹਿਤ
942 _hO153,3NMA10x, Q8
_cTEXL
_2CC
999 _c296619
_d296619